Alle Länder des Ersten Französischen Kaiserreichs - Statistiken

Allgemein
  • Dieses Quiz wurde 12 mal gespielt
  • Das Durchschnittsergebnis liegt bei 14 aus 31
Antwortstatistiken
Antwort % Korrekt
Deutschland
100%
Italien
100%
Frankreich
91%
Niederlande
91%
Polen
91%
Spanien
91%
Belgien
82%
Kroatien
82%
Schweiz
82%
Slowenien
73%
Andorra
64%
Luxemburg
64%
Grossbritannien
55%
USA
55%
Tschechien
45%
Liechtenstein
36%
Monaco
36%
San Marino
36%
Indien
27%
Haiti
18%
Republik Kongo
18%
Brasilien
9%
Mauritius
9%
Seychellen
9%
Tschad
9%
Zentralafrikanische Republik
9%
Gabun
0%
Österreuch
0%
Sri Lanka
0%
St. Lucia
0%
Tobago
0%
Keine übereinstimmenden Quizze gefunden
Verteilung der Resultate
Anzahl Personen mit jedem Resultat
Perzentil nach korrekt beantworteten Fragen
Ihre Resultats-Entwicklung
Sie haben dieses Quiz noch nicht gespielt